00370nam a2200145Ia 4500008004100000082001700041100001900058245004400077250000800121260002900129300001000158500002400168650001500192700001700207230524s9999 xx 000 0 und d a621.382bCHA aD.Chattopadhya 0aFundamentals of Electric Circuit Theory a6TH aNEW DELHIbS.Chandc2004 aX;459 aQuantity Number: 4 aElectrical a P.C.Rakshit